[Event "RLP Seniors op 17th"]
[Site "Neustadt an der Weinstrasse"]
[Date "2019.07.21"]
[Round "2"]
[White "Hauck, Bernd"]
[Black "Lorenz, Kurt"]
[Result "0-1"]
[WhiteElo "1675"]
[BlackElo "1856"]
[PlyCount "70"]
[EventDate "2019.07.20"]
[EventType "swiss"]
[EventRounds "9"]
[EventCountry "GER"]
[SourceTitle "CBM 192 Extra"]
[Source "Chessbase"]
[SourceDate "2019.11.06"]
[SourceVersion "1"]
[SourceVersionDate "2019.11.06"]
[SourceQuality "1"]

1. e4 g6 2. d4 Bg7 3. c3 d6 4. Na3 Nf6 5. Bd3 0-0 6. Ne2 c5 7. 0-0 Nc6 8. Bd2 a6 9. f4 b5 10. Rc1 b4 11. Nb1 a5 12. d5 Nb8 13. f5 gxf5 14. exf5 Nbd7 15. Nf4 Ne5 16. Be2 Bxf5 17. Nh5 Be4 18. Bg5 Nxh5 19. Bxh5 f6 20. Be3 Nc4 21. Bh6 Bxh6 22. Qg4+ Bg6 23. Bxg6 hxg6 24. Qxc4 Bxc1 25. Rxc1 Qd7 26. Re1 Kf7 27. Re6 Rh8 28. Nd2 Rh5 29. Nf3 Qb7 30. Qe4 bxc3 31. bxc3 Rb8 32. Nd2 Rxd5 33. Rxe7+ Qxe7 34. Qxd5+ Qe6 35. Qc6 Rb1+ 0-1

[Event "Schoenhagen Cup Seniors 20th"]
[Site "Schoenhagen/Uslar"]
[Date "2011.09.13"]
[Round "9"]
[White "Lorenz, Kurt"]
[Black "Hielscher, Klaus Wieprecht"]
[Result "1-0"]
[WhiteElo "1897"]
[BlackElo "1505"]
[PlyCount "89"]
[EventDate "2011.09.05"]
[EventType "swiss"]
[EventRounds "9"]
[EventCountry "GER"]
[SourceTitle "EXT 2012"]
[Source "ChessBase"]
[SourceDate "2011.11.24"]
[SourceVersion "1"]
[SourceVersionDate "2011.11.24"]
[SourceQuality "1"]

1. d4 Nf6 2. Nc3 e6 3. e4 c5 4. d5 exd5 5. exd5 d6 6. Nf3 a6 7. a4 Be7 8. Bd3 0-0 9. h3 Re8 10. 0-0 Nbd7 11. Bf4 Nf8 12. Re1 Qc7 13. Nd2 Bd7 14. Nc4 b6 15. Rxe7 Rxe7 16. Bxd6 Qd8 17. Bxe7 Qxe7 18. Nxb6 Ra7 19. Qd2 Qd6 20. Nc4 Qb8 21. b3 Qb4 22. Re1 Nxd5 23. Nxd5 Qxd2 24. Nxd2 Be6 25. Nf4 Rd7 26. Nc4 g5 27. Nh5 Rd4 28. Nf6+ Kg7 29. Ne4 Rd5 30. Nb6 Re5 31. Bxa6 f5 32. f3 fxe4 33. Rxe4 Ng6 34. Kf2 Rxe4 35. fxe4 g4 36. hxg4 Bxg4 37. Be2 Be6 38. a5 Ne5 39. Bb5 Ng4+ 40. Ke2 Nf6 41. Ke3 Ng4+ 42. Kf4 Kf6 43. a6 Ke7 44. a7 Nf6 45. a8Q 1-0

[Event "Hessen-ch Seniors op 01st"]
[Site "Bad Sooden-Allendorf"]
[Date "2005.04.28"]
[Round "7"]
[White "Auerswald, Gottfried"]
[Black "Lorenz, Kurt"]
[Result "0-1"]
[WhiteElo "1490"]
[BlackElo "1906"]
[PlyCount "72"]
[EventDate "2005.04.22"]
[EventType "swiss"]
[EventRounds "9"]
[EventCountry "GER"]
[SourceTitle "EXT 2007"]
[Source "ChessBase"]
[SourceDate "2006.11.23"]
[SourceVersion "1"]
[SourceVersionDate "2006.11.23"]
[SourceQuality "1"]

1. e4 c5 2. Nc3 Nc6 3. g3 g6 4. Bg2 Bg7 5. Nge2 d6 6. 0-0 Bd7 7. d3 Nf6 8. h3 Qc8 9. Kh2 h5 10. Bg5 Nh7 11. Qd2 Nxg5 12. Qxg5 Bh6 13. Qh4 f6 14. f4 Nd8 15. Nd5 Nf7 16. Nxf6+ exf6 17. Qxf6 Rg8 18. Nc3 Qd8 19. Nd5 Bc6 20. Rae1 Bxd5 21. exd5+ Kf8 22. Qe6 Qe8 23. Re2 Kg7 24. Rfe1 Qd8 25. c3 Rf8 26. a3 b6 27. Be4 Nh8 28. Bg2 Rf6 29. Qe4 Nf7 30. h4 Kh7 31. Bh3 Bg7 32. Be6 Nh6 33. Kh3 Nf5 34. Rg1 Rb8 35. Bxf5 gxf5 36. Rge1 fxe4 0-1

[Event "Hessen-ch Seniors op 01st"]
[Site "Bad Sooden-Allendorf"]
[Date "2005.04.27"]
[Round "6"]
[White "Lorenz, Kurt"]
[Black "Matthes, Manfred"]
[Result "0-1"]
[WhiteElo "1906"]
[BlackElo "1820"]
[PlyCount "58"]
[EventDate "2005.04.22"]
[EventType "swiss"]
[EventRounds "9"]
[EventCountry "GER"]
[SourceTitle "EXT 2007"]
[Source "ChessBase"]
[SourceDate "2006.11.23"]
[SourceVersion "1"]
[SourceVersionDate "2006.11.23"]
[SourceQuality "1"]

1. d4 Nf6 2. Nc3 d5 3. Bg5 h6 4. Bxf6 exf6 5. e3 Bb4 6. Bd3 Bxc3+ 7. bxc3 Be6 8. Rb1 b6 9. Ne2 0-0 10. Nf4 Qd6 11. Qh5 Nc6 12. h4 Rfe8 13. g4 Qxf4 14. Be2 Qe4 15. Kd2 Qg6 16. Rhg1 Qxh5 17. gxh5 Bf5 18. Rg3 Kh8 19. Rbg1 Rg8 20. a3 Ne7 21. f3 c5 22. Ba6 Rab8 23. a4 Bd7 24. Bb5 Bxb5 25. axb5 Nf5 26. Rg4 Rbe8 27. e4 dxe4 28. fxe4 Nd6 29. dxc5 Nxe4+ 0-1

[Event "Hessen-ch Seniors op 01st"]
[Site "Bad Sooden-Allendorf"]
[Date "2005.04.26"]
[Round "5"]
[White "Doehner, Hans Juergen"]
[Black "Lorenz, Kurt"]
[Result "0-1"]
[WhiteElo "1907"]
[BlackElo "1906"]
[PlyCount "102"]
[EventDate "2005.04.22"]
[EventType "swiss"]
[EventRounds "9"]
[EventCountry "GER"]
[SourceTitle "EXT 2007"]
[Source "ChessBase"]
[SourceDate "2006.11.23"]
[SourceVersion "1"]
[SourceVersionDate "2006.11.23"]
[SourceQuality "1"]

1. e4 c5 2. Nc3 Nc6 3. Bb5 a6 4. Bxc6 bxc6 5. d3 g6 6. Nge2 Bg7 7. 0-0 Nf6 8. b3 d6 9. Rb1 0-0 10. h3 h6 11. Kh1 Kh7 12. f4 Bd7 13. Be3 Qc8 14. Kh2 Rb8 15. Qd2 Ne8 16. Ng3 f5 17. exf5 gxf5 18. Rbe1 Nf6 19. Nce2 Nd5 20. Bg1 Qe8 21. c4 Nc7 22. d4 cxd4 23. Nxd4 c5 24. Nf3 Ne6 25. Re2 Qf7 26. Rfe1 Rbe8 27. Be3 Qg6 28. Qd3 Qf6 29. Bc1 Rf7 30. Qd5 Nd8 31. Bb2 Bc6 32. Qd3 Qxb2 33. Rxb2 Bxb2 34. Nxf5 Kh8 35. N5h4 Bd7 36. g3 Nc6 37. Qg6 Rf6 38. Qc2 Bd4 39. Nxd4 Nxd4 40. Qd3 Bc6 41. Rf1 Kg7 42. g4 Ref8 43. Qe3 Re6 44. Qc3 Re2+ 45. Kg3 e5 46. Qa5 exf4+ 47. Rxf4 Re3+ 48. Kh2 Rxf4 49. Qc7+ Rf7 50. Nf5+ Nxf5 51. Qxc6 Re2+ 0-1

[Event "Schoenhagener Seniors op 14th"]
[Site "Uslar"]
[Date "2004.08.30"]
[Round "4"]
[White "Bode, Heinz"]
[Black "Lorenz, Kurt"]
[Result "1/2-1/2"]
[WhiteElo "1651"]
[BlackElo "1908"]
[PlyCount "47"]
[EventDate "2004.08.27"]
[EventType "swiss"]
[EventRounds "9"]
[EventCountry "GER"]
[SourceTitle "EXT 2006"]
[Source "ChessBase"]
[SourceDate "2005.11.24"]
[SourceVersion "1"]
[SourceVersionDate "2005.11.24"]
[SourceQuality "1"]

1. d4 f5 2. g3 e6 3. Bg2 d5 4. Nf3 Nf6 5. Bf4 Bd6 6. Ne5 0-0 7. 0-0 Nbd7 8. Nd2 Bxe5 9. Bxe5 Nxe5 10. dxe5 Ng4 11. Nf3 c5 12. h3 Nh6 13. Qd2 Nf7 14. h4 Qc7 15. Qf4 b5 16. Rfd1 a5 17. c3 Ra6 18. Kh1 Kh8 19. Ng5 Nd8 20. b3 h6 21. Nf3 Nf7 22. h5 Ra7 23. e3 Kh7 24. Bf1 1/2-1/2

[Event "Schoenhagener Seniors op 14th"]
[Site "Uslar"]
[Date "2004.08.29"]
[Round "3"]
[White "Lorenz, Kurt"]
[Black "Schmidt, Erich"]
[Result "0-1"]
[WhiteElo "1908"]
[BlackElo "1783"]
[PlyCount "50"]
[EventDate "2004.08.27"]
[EventType "swiss"]
[EventRounds "9"]
[EventCountry "GER"]
[SourceTitle "EXT 2006"]
[Source "ChessBase"]
[SourceDate "2005.11.24"]
[SourceVersion "1"]
[SourceVersionDate "2005.11.24"]
[SourceQuality "1"]

1. d4 g6 2. e4 Bg7 3. f4 e6 4. Nf3 Nh6 5. Bd3 Nc6 6. c3 f5 7. e5 b6 8. b3 Bb7 9. Ba3 Ne7 10. 0-0 Rc8 11. c4 c5 12. dxc5 bxc5 13. Nc3 d6 14. Qe2 Bxf3 15. Rxf3 dxe5 16. fxe5 Qd4+ 17. Kh1 Qxc3 18. Bb2 Qa5 19. a3 Qc7 20. b4 0-0 21. b5 g5 22. Rh3 Ng4 23. Rf1 Ng6 24. Bb1 Nf4 25. Qxg4 fxg4 0-1

[Event "Wuerttemberg-ch Seniors 15th"]
[Site "Ellwangen"]
[Date "2003.04.16"]
[Round "6"]
[White "Lorenz, Kurt"]
[Black "Czeitschner, Roland"]
[Result "1-0"]
[WhiteElo "1959"]
[BlackElo "1797"]
[PlyCount "49"]
[EventDate "2003.04.??"]
[EventType "swiss"]
[EventRounds "9"]
[EventCountry "GER"]
[SourceTitle "EXT 2006"]
[Source "ChessBase"]
[SourceDate "2005.11.24"]
[SourceVersion "1"]
[SourceVersionDate "2005.11.24"]
[SourceQuality "1"]

1. d4 Nf6 2. Nc3 d5 3. Bg5 e6 4. e4 dxe4 5. Nxe4 Be7 6. Bxf6 Bxf6 7. Nf3 0-0 8. c3 g6 9. g4 Bg7 10. g5 b6 11. Bd3 Bb7 12. Qe2 Nd7 13. 0-0-0 Qe7 14. h4 h5 15. gxh6 Bxh6+ 16. Kb1 Nf6 17. Rdg1 Nh5 18. Bc2 Rac8 19. Ne5 Nf4 20. Qe3 Kg7 21. h5 Nxh5 22. Qf3 Nf6 23. Rxh6 Bxe4 24. Bxe4 Nxe4 25. Rhxg6+ 1-0

[Event "Wuerttemberg-ch Seniors 15th"]
[Site "Ellwangen"]
[Date "2003.04.15"]
[Round "5"]
[White "Reese, August Ernst"]
[Black "Lorenz, Kurt"]
[Result "1/2-1/2"]
[WhiteElo "2000"]
[BlackElo "1959"]
[PlyCount "45"]
[EventDate "2003.04.??"]
[EventType "swiss"]
[EventRounds "9"]
[EventCountry "GER"]
[SourceTitle "EXT 2006"]
[Source "ChessBase"]
[SourceDate "2005.11.24"]
[SourceVersion "1"]
[SourceVersionDate "2005.11.24"]
[SourceQuality "1"]

1. d4 f5 2. c4 Nf6 3. Nc3 e6 4. g3 d5 5. Bg2 c6 6. Nf3 Bd6 7. Ne5 Nbd7 8. Bf4 Bxe5 9. Bxe5 Nxe5 10. dxe5 Ng4 11. cxd5 exd5 12. Qd4 Qb6 13. e3 Qxb2 14. 0-0 Qb6 15. h3 Nh6 16. Rab1 Qxd4 17. exd4 Nf7 18. f4 Nd8 19. Rfc1 Ne6 20. Ne2 Kd7 21. Kf2 b6 22. Ke3 Ba6 23. Nc3 1/2-1/2

[Event "Wuerttemberg-ch Seniors 15th"]
[Site "Ellwangen"]
[Date "2003.04.13"]
[Round "3"]
[White "Weber, Ludwig"]
[Black "Lorenz, Kurt"]
[Result "0-1"]
[WhiteElo "1442"]
[BlackElo "1959"]
[PlyCount "72"]
[EventDate "2003.04.??"]
[EventType "swiss"]
[EventRounds "9"]
[EventCountry "GER"]
[SourceTitle "EXT 2006"]
[Source "ChessBase"]
[SourceDate "2005.11.24"]
[SourceVersion "1"]
[SourceVersionDate "2005.11.24"]
[SourceQuality "1"]

1. d3 f5 2. c3 e5 3. Nd2 d5 4. e3 Nf6 5. h3 Bd6 6. Nb3 0-0 7. Qc2 c5 8. Bd2 Nc6 9. c4 d4 10. Be2 Be6 11. Nf3 Kh8 12. Nh2 Qd7 13. Nf3 Bg8 14. Nc1 Rad8 15. Nh2 e4 16. Nb3 Ne5 17. 0-0-0 b5 18. exd4 cxd4 19. Nxd4 Nxd3+ 20. Bxd3 Bxh2 21. Rxh2 exd3 22. Qxd3 Bxc4 23. Qxf5 Qxd4 24. Bb4 Qb6 25. Bxf8 Rxf8 26. Kb1 Be6 27. Qe5 Qa6 28. b3 Bf7 29. Rhh1 Bg6+ 30. Ka1 Ne4 31. f3 Nc5 32. Qxc5 Rc8 33. Qd4 h6 34. Qd6 Rc1+ 35. Rxc1 Qxd6 36. Rc8+ Kh7 0-1

[Event "Wuerttemberg-ch Seniors 15th"]
[Site "Ellwangen"]
[Date "2003.04.11"]
[Round "1"]
[White "Sievers, Gerda"]
[Black "Lorenz, Kurt"]
[Result "0-1"]
[WhiteElo "1435"]
[BlackElo "1959"]
[PlyCount "90"]
[EventDate "2003.04.??"]
[EventType "swiss"]
[EventRounds "9"]
[EventCountry "GER"]
[SourceTitle "EXT 2006"]
[Source "ChessBase"]
[SourceDate "2005.11.24"]
[SourceVersion "1"]
[SourceVersionDate "2005.11.24"]
[SourceQuality "1"]

1. e4 g5 2. d4 h6 3. h3 d6 4. Be3 Bg7 5. f3 e6 6. Nc3 Ne7 7. Qd2 Nd7 8. g4 Ng6 9. 0-0-0 b6 10. Nge2 Bb7 11. Ng3 Nf6 12. Be2 Qe7 13. Kb1 0-0-0 14. Qe1 c5 15. Qf1 Kb8 16. Rh2 Rd7 17. Bd3 Nf4 18. Ba6 Ba8 19. Rhd2 Rc7 20. d5 exd5 21. Nf5 Qf8 22. Nxg7 Qxg7 23. Bxf4 gxf4 24. exd5 c4 25. Bxc4 Rc5 26. Bb3 Qg5 27. Ne2 Bxd5 28. Nd4 Re8 29. Nf5 Bxb3 30. cxb3 d5 31. h4 Qg6 32. h5 Qg5 33. Nd6 Re7 34. Nf5 Rd7 35. Nd4 Kb7 36. b4 Rc4 37. a3 a6 38. Rd3 Rdc7 39. Nf5 Rc2 40. Rc1 Rxc1+ 41. Qxc1 Rxc1+ 42. Kxc1 Kc6 43. Rc3+ Kd7 44. Nd4 Qe5 45. Kc2 Qxd4 0-1

[Event "GER Seniors Derby 02nd"]
[Site "Wesel/Heidelust"]
[Date "2003.03.14"]
[Round "4"]
[White "Lorenz, Kurt"]
[Black "Bartzen, Harald"]
[Result "1-0"]
[WhiteElo "1913"]
[BlackElo "1751"]
[PlyCount "45"]
[EventDate "2003.03.13"]
[EventType "swiss"]
[EventRounds "7"]
[EventCountry "GER"]
[SourceTitle "EXT 2006"]
[Source "ChessBase"]
[SourceDate "2005.11.24"]
[SourceVersion "1"]
[SourceVersionDate "2005.11.24"]
[SourceQuality "1"]

1. d4 e6 2. Nc3 f5 3. g4 fxg4 4. e4 Qh4 5. Bf4 d6 6. Bg3 Qg5 7. h4 Qf6 8. e5 dxe5 9. Bxe5 Qe7 10. Qxg4 Nc6 11. Bb5 Bd7 12. Bxc7 Nf6 13. Qf4 Qb4 14. 0-0-0 a6 15. a3 Qe7 16. Be2 g6 17. h5 Bg7 18. hxg6 hxg6 19. Rxh8+ Bxh8 20. Bd3 Qg7 21. Nf3 Nh5 22. Qg5 Ne7 23. Ne5 1-0